00967 2200325 4500001002100000005001500021035002000036007000300056008004100059020002200100040002200122082001400144084001600158090002000174090002200194100002300216245009100239250002600330300005400356500001100410650002400421850001200445504003100457264003500488336002100523337003000544338002300574999002200597990002200619INLIS00000000085132420191001010758 a0010-1019000051ta191001s2019 yoia f 1 0 ind d a978-623-7110-20-0 aYOPDYOGbinderda04223a628.3 a628.3 SUC p aDEP 628.3 SUC p aCB-D.11 2019-12980 aSuciptaePengarang1 aPenyimpanan lestari limbah radioaktif PLTN :btinjauan aplikasinya di dunia /cSucipta aCetakan pertama, 2019 axi, 96 halaman :bilustrasi, tabel, foto ;c24 cm aIndeks 4aLimbah, Pengelolaan aYOPDYOG aBibliografi: halaman 81-8731aYogyakarta :bTeknosain,c2019 2rdacontentateks 2rdamediaatanpa perantara 2rdacarrieravolume aCB-D.11/2019-1298 aCB-D.11/2019-1298